000 00286nam a22001337a 4500
008 181029b xxu||||| |||| 00| 0 eng d
020 _a0395359546
041 _aeng
080 _a941
100 _a17
101 _aHIS
245 _aPortrait of America
_cOates, S.B
942 _2udc
_cBK
999 _c51018
_d51018